Vice Presidential Runner Ups - Statistics

General Stats
  • This quiz has been taken 22 times
  • The average score is 18 of 60
Answer Stats
Hint Answer % Correct
2020 Mike Pence
89%
1992 Dan Quayle
83%
2008 Sarah Palin
83%
2024 Tim Walz
83%
1984 Geraldine Ferraro
72%
2000 Joe Lieberman
72%
2004 John Edwards
72%
1976 Bob Dole
67%
2016 Tim Kaine
67%
1980 Walter Mondale
67%
1996 Jack Kemp
61%
1840 N/A
61%
1820 N/A
61%
1816 N/A
61%
1792 N/A
61%
1798-89 N/A
61%
1988 Lloyd Bentsen
56%
2012 Paul Ryan
56%
1860 Herschel V. Johnson
50%
1972 Sargent Shriver
50%
1920 Franklin D. Roosevelt
44%
1900 Adlai Stevenson 1
33%
1932 Charles Curtis
33%
1968 Edmund Muskie
28%
1960 Henry Cabot Lodge, Jr.
28%
1796 Aaron Burr
22%
1924 Charles W. Bryan
22%
1948 Earl Warren
22%
1956 Estes Kefauver
22%
1808 Rufus King
22%
1804 Rufus King
22%
1800 Charles Cotesworth Pinckney
17%
1936 Frank Knox
17%
1824 John C. Calhoun
17%
1952 John Sparkman
17%
1944 John W. Bricker
17%
1964 William E. Miller
17%
1940 Charles L. McNary
11%
1864 George H. Pendleton
11%
1904 Henry G. Davis
11%
1844 Theodore Frelinghuysen
11%
1876 Thomas A. Hendricks
11%
1872 Benjamin Gratz Brown
6%
1916 Charles W. Fairbanks
6%
1868 Francis Preston Blair, Jr.
6%
1812 Jared Ingersoll
6%
1928 Joseph T. Robinson
6%
1828 Richard Rush
6%
1880 William H. English
6%
1888 Allen G. Thurman
0%
1896 Arthur Sewall
0%
1836 Francis Granger
0%
1884 John A. Logan
0%
1832 John Sergeant
0%
1908 John W. Kern
0%
1912 Nicholas Murray Butler
0%
1892 Whitelaw Reid
0%
1852 William A. Graham
0%
1856 William L. Dayton
0%
1848 William O. Butler
0%
No matching quizzes found
Score Distribution
Percent of People with Each Score
Percentile by Number Answered
Your Score History
You have not taken this quiz